Természeti és társadalmi hatások az európai kultúrakör vadászebeinek kialakulásában és fajtahasználatában
Elmentve itt :
| Szerző: | |
|---|---|
| További közreműködők: | |
| Dokumentumtípus: | Szakdolgozat |
| Megjelent: |
2010
|
| Kulcsszavak: | Vadászkutyák Fajtahasználat |
| Tárgyszavak: | |
| Online Access: | http://diploma.bibl.u-szeged.hu/102499 |
| LEADER | 00718nta a2200205 i 4500 | ||
|---|---|---|---|
| 001 | dipl102499 | ||
| 005 | 20211108080953.0 | ||
| 008 | 211105s2010 hu om 0|| zxx d | ||
| 040 | |a SZTE Diploma Repozitórium |b hun | ||
| 041 | |a zxx | ||
| 100 | 2 | |a Kiss-Pető Tibor | |
| 245 | 1 | 0 | |a Természeti és társadalmi hatások az európai kultúrakör vadászebeinek kialakulásában és fajtahasználatában |h [elektronikus dokumentum] / |c Tibor Kiss-Pető |
| 260 | |c 2010 | ||
| 300 | |a 97 | ||
| 650 | 4 | |a Agrár | |
| 650 | 4 | |a Husbandry | |
| 695 | |a Vadászkutyák | ||
| 695 | |a Fajtahasználat | ||
| 700 | 1 | |a Pinnyey Szilárd |e ths | |
| 856 | 4 | 0 | |u http://diploma.bibl.u-szeged.hu/id/eprint/102499/2/2010_kiss_peto_tibor.pdf |z Dokumentum-elérés |